00603cam a22002051 4500001001300000003000400013005001700017008004100034010001700075035002000092040003200112042001200144050002100156100002400177245009500201260004100296300002600337500001900363999001500382af 48001999 DLC20260227110852.0890405s1943 gw a 000 1 ger c aaf 48001999  a(OCoLC)19498283 aYale Univ. LibrarycCUdDLC apremarc00aPT2615.A5733bL31 aHansemann, Walther.14aDas Lächeln am Knie;bStenogramme aus dem Alltag.cMit Federzeichnungen von G.T. Schulz. aHamburg,bHammerich & Lesserc[1943] a93 p.billus.c17 cm. aShort stories. c4819d4819